INTRODUCCION A LA METODOLOGIA DE LA CIENCIA: LA FILOSOFIA DE LA CIENCIA EN EL SIGLO XX/

BIBLIOGRAFIA: (P. 296-311)

Gespeichert in:
Bibliographische Detailangaben
1. Verfasser: Echeverría, Javier (autor)
Format: Buch
Schlagworte:
Tags: Tag hinzufügen
Keine Tags, Fügen Sie das erste Tag hinzu!

MARC

LEADER 00000nam^a2200000^a^4500
001 000216909
005 20250521000000.0
009 20260310103705.695
020 |a 84-7533-472-5 
035 |a 035519 
037 |a Acervo Xavier Clavigero 
082 |a 501.  |b ECH 
100 |a Echeverría, Javier  |e (autor) 
245 1 0 |a INTRODUCCION A LA METODOLOGIA DE LA CIENCIA:  |b LA FILOSOFIA DE LA CIENCIA EN EL SIGLO XX/  |c JAVIER ECHEVERRIA 
264 |a BARCELONA :  |b BARCANOVA,  |c 1989 
300 |a 322p. 
336 |a texto  |b txt  |2 rdacontenido 
337 |a sin mediación  |b n  |2 rdamedio 
338 |a volumen  |b nc  |2 rdasoporte 
520 |a BIBLIOGRAFIA: (P. 296-311) 
520 |a INDICE 
649 |a XX 
650 |a Epistemología 
650 |a Ciencia -  |x Metodología 
910 |a Fondo General 
920 |a Impresos - Libros 
930 |a Colección General 
905 |a 101 
901 |a 035519  |b IT1  |c ACC  |i 035519  |u 20250521 
902 |a https://opac.biblio.iteso.mx/vufind/Record/000216909